000 00923nam a22002417a 4500
005 20240530110507.0
008 151012s2010 ua a g 000 0 ara d
017 _a2010/2901
_bمصر . دار الكتب المصرية
020 _a9773222677
040 _aEG-CaGPL
082 0 4 _221
_a933.01\
_bم د
100 0 _aمحمد خليفة حسن .
245 1 0 _aدراسات فى حضارة الشعوب السامية القديمة /
_cمحمد خليفة حسن .
250 _aط1.
260 _aالقاهرة :
_bعين للدراسات و البحوث الانسانية و الاجتماعية ،
_c2010 .
300 _a175 ص ؛
_c24 سم .
504 _aيشتمل على ارجاعات ببليوجرافية .
650 0 4 _aاليهود .
650 0 4 _aاليهود
_xالهجرة .
650 0 4 _aاليهود فى الادب .
942 _2ddc
_cBK
999 _c61596
_d61596